000 00714nam a22002297a 4500
001 98333
003 UA-OsUOA
005 20201023085546.0
007 ta
008 20130415b un ||||| |||| 00| 0 ukr d
040 _aUA-OsUOA
_brus
_cUA-OsUOA
_dUA-OsUOA
041 _arus
080 _a821.161.1
090 _a821.161.1
_bП91
100 _aПушкин А.
245 _aПолное собрание сочинений в шести томах: стихотворения 1813 - 1825
_nт. 1
260 _aМ.
_bХудожественная литература
_c1949
300 _a558 с.
650 7 _a82 Література. Літературознавство
_2UDC
942 _cBK
_2udc
955 _a3
999 _c384861
_d384861